000 00979 a2200229 4500
003 Nust
005 20170207154009.0
010 _a 00031888
020 _a0735610215
040 _cNust
082 0 0 _a005.4/4769
100 1 _aSolomon, David A.
245 1 0 _aInside Microsoft Windows 2000 / (E-Book)
_cDavid A. Solomon, Mark E. Russinovich.
246 3 0 _aMicrosoft Windows 2000
250 _a3rd ed.
260 _aRedmond, Wash. :
_bMicrosoft Press,
_c2000.
300 _axix, 903 p. :
_bill. ;
_c24 cm.
_e+1 computer laser optical disc (4 3/4 in.)
505 _aConcepts and Tools- System Architecture- System Mechanisms- Startup and Shutdown- Management Mechanisms- Processes, Threads, and Jobs- Memory Management- Security- I/O System- Storage Management- Cache Manager- File Systems- Networking
650 0 _aOperating systems (Computers)
651 _a(E-Book)
700 1 _aRussinovich, Mark E.
856 4 2 _3Publisher description
_uhttp://www.loc.gov/catdir/enhancements/fy1004/00031888-d.html
999 _c191110
_d191110